Stroje a zařízení pro výrobu hudebních nástrojů 1. a 2. ročníku SOU - učební obor Mechanik hudebních nástrojů

Bibliographic Details
Main Author: Berka, Čestmír (Author)
Format: Book
Language:Czech
PhysicalDescription:160, [1] s. 4°
Published: Praha Státní pedagogické nakladatelství 1985
Series:Učebnice pro střední školy

MARC

LEADER 00000nam a2200000 a 4500
001 vtls001263186
003 SK-MaSNL
005 20260416165338.0
008 240315s1985 xr 0 cze
035 |a SNK000214085 
040 |a SNK  |b slo  |c SNK  |e AACR2 
041 0 |a cze 
044 |a CZ 
100 1 |a Berka, Čestmír  |4 aut  |9 285719 
245 0 |a Stroje a zařízení pro výrobu hudebních nástrojů 1. a 2. ročníku SOU - učební obor Mechanik hudebních nástrojů  |c Čestmír Berka 
260 |a Praha  |b Státní pedagogické nakladatelství  |c 1985 
300 |a 160, [1] s.  |c 4° 
490 0 |a Učebnice pro střední školy 
958 |a RK 
958 |a OND 
999 |c 970455  |d 972385 
952 |t P60, <04>, [BOOK], {604}  |a SNK  |b SNK  |y VYP  |7 0  |o snkIB 53944  |i snkKIP 3623/85  |0 0  |1 0  |4 0  |d 1996-10-10  |l 0  |r 2005-01-01 00:00:00  |w 2026-02-24 
952 |a SNK  |b SNK  |y VYP  |7 0  |p 17A0603568  |o snkIB 53944 D1  |i snkKIP 3624/85  |0 0  |1 1  |4 0  |d 1996-10-10  |l 0  |r 2005-01-01 00:00:00  |w 2026-02-24